Progressivnyje sposoby obrabotki rezby /

Uložené v:
Podrobná bibliografia
Hlavný autor: Zagurskij, Vitalij Ivanovič (Author)
Médium: Kniha
Jazyk:Russian
Vydané: Moskva, Sverdlovsk : Mašgiz, 1960.
Vydanie:1. izd.
ISBN: (viaz.)
Fyzický popis: 164 s.
Tagy: Pridať tag
Žiadne tagy, Buďte prvý kto otaguje tento záznam!

MARC

LEADER 00000nam a2200000 a 4500
001 000148310
005 20101213193415.0
008 001220s1960 ru f rus d
020 |a (viaz.)  |c Kčs 6,30 
040 |a SVKKK  |b slo  |c SVKKK  |e AACR2 
041 0 |a rus 
044 |a ru  |c RU 
100 1 |a Zagurskij, Vitalij Ivanovič  |4 aut 
245 1 0 |a Progressivnyje sposoby obrabotki rezby /  |c Vitalij Ivanovič Zagurskij. 
250 |a 1. izd. 
260 |a Moskva,  |a Sverdlovsk :  |b Mašgiz,  |c 1960. 
300 |a 164 s. 
910 |a svkkk 
998 |a BK 
090 |g SCKHL  |k Sklad Pribinova 2. posch.  |a X0.433  |j 01399  |i 148310-10  |4 Zastaraná  |s Vyradená